01166cam a22002651 4500001001300000003000400013005001700017008004100034010001700075035001900092040001800111042001200129050001600141100003000157245019000187260005300377300005700430505019300487651004200680600003800722651004200760650004800802740003300850999001700883rc 01000025 DLC20260227111858.0791009s1895 mou 000 0 eng  arc 01000025  a(OCoLC)5506310 aDLCcTxUdDLC apremarc00aF657.B6bR81 aRosen, Peter,d1850-1906.10aPa-ha-sa-pah;bor, The Black Hills of South Dakota. A complete history of the gold and wonder-land of the Dakotas, from the remotest date up to the present ...cBy Rev. Peter Rosen ... aSt. Louis,bNixon-Jones Printing Company,c1895. axiii, 645 p.bfront., illus., plates, ports.c24 cm.0 abook I. Indians in the Hills.--book II. [Early explorers]--book III. [Father De Smet]--book IV. [U.S. expeditions]--book V. [Mining]--book VI. [South Dakota]--Appendix. Lectures on mining. 0aBlack Hills (S.D. and Wyo.)xHistory.10aSmet, Pierre-Jean de,d1801-1873. 0aSouth DakotaxDescription and travel. 0aMines and mineral resourceszUnited States.0 aBlack Hills of South Dakota. c51709d51709